Outlook in the hotel and tourism industries:a statistical report: United Kingdom trends 1995 edition. (Record no. 93275)

MARC details
000 -LEADER
fixed length control field 00844cam a2200277 4500
001 - CONTROL NUMBER
control field J3162
008 - FIXED-LENGTH DATA ELEMENTS--GENERAL INFORMATION
fixed length control field 090401t1995 xxu||||| |||| 00| 0 eng d
035 ## - SYSTEM CONTROL NUMBER
System control number (Sirsi) u53469
041 ## - LANGUAGE CODE
Language code of text/sound track or separate title eng
050 ## - LIBRARY OF CONGRESS CALL NUMBER
Classification number 338.4779
110 ## - MAIN ENTRY--CORPORATE NAME
Corporate name or jurisdiction name as entry element Pannell Kerr Forster
9 (RLIN) 232
245 ## - TITLE STATEMENT
Title Outlook in the hotel and tourism industries:a statistical report: United Kingdom trends 1995 edition.
260 ## - PUBLICATION, DISTRIBUTION, ETC.
Place of publication, distribution, etc. London
Name of publisher, distributor, etc. Pannell Kerr Forster
Date of publication, distribution, etc. 1995
300 ## - PHYSICAL DESCRIPTION
Extent 48p. ; 30cm.
350 ## - PRICE (NR) (BK AM CF MU VM SE) [OBSOLETE]
Price 250
520 ## - SUMMARY, ETC.
Summary, etc. Sponsored by Robert Barry & Co. who contribute an article on the UK hotel property market.
650 ## - SUBJECT ADDED ENTRY--TOPICAL TERM
Topical term or geographic name entry element HOTEL PERFORMANCE
650 ## - SUBJECT ADDED ENTRY--TOPICAL TERM
Topical term or geographic name entry element HOTELS
650 ## - SUBJECT ADDED ENTRY--TOPICAL TERM
Topical term or geographic name entry element OCCUPANCY STATISTICS
650 ## - SUBJECT ADDED ENTRY--TOPICAL TERM
Topical term or geographic name entry element PROPERTY MARKET
650 ## - SUBJECT ADDED ENTRY--TOPICAL TERM
Topical term or geographic name entry element TOURISM
690 ## - LOCAL SUBJECT ADDED ENTRY--TOPICAL TERM (OCLC, RLIN)
Topical term or geographic name as entry element LEISURE AND RECREATION
710 ## - ADDED ENTRY--CORPORATE NAME
Corporate name or jurisdiction name as entry element Robert Barry and Co
9 (RLIN) 547
942 ## - ADDED ENTRY ELEMENTS (KOHA)
Suppress in OPAC 0
948 ## - LOCAL PROCESSING INFORMATION (OCLC); SERIES PART DESIGNATOR (RLIN)
c (OCLC) 04/03/1997
Holdings
Withdrawn status Lost status Source of classification or shelving scheme Damaged status Not for loan Home library Current library Shelving location Date acquired Cost, normal purchase price Total Checkouts Full call number Barcode Date last seen Copy number Cost, replacement price Price effective from Koha item type
    Dewey Decimal Classification     London London Folio 04/08/1995 250.00   F338.4779 30046298 06/08/2019 1 250.00 06/08/2019 Book